| 000 | 00650cam a22002171a 4500 | ||
|---|---|---|---|
| 001 | sa 66004140 | ||
| 003 | DLC | ||
| 005 | 20260227112240.0 | ||
| 008 | 820427s1965 ii 000 0 eng | ||
| 010 | _asa 66004140 | ||
| 035 | _a(OCoLC)8374298 | ||
| 040 |
_aDLC _cTxU-L _dDLC |
||
| 042 | _apremarc | ||
| 050 | 0 | 0 |
_aKNS2450 _b.R35 1965 |
| 100 | 1 |
_aRajagopalan, Subrahmanya, _d1906- |
|
| 245 | 1 | 0 |
_aAdministrative law / _cby S. Rajagopalan. With a foreword by M. Anantanarayanan. |
| 260 |
_aMadras : _bVimala Publications, _c[1965] |
||
| 300 |
_axxiv, 3, 339 p. ; _c23 cm. |
||
| 650 | 0 |
_aAdministrative law _zIndia. |
|
| 650 | 0 | _aAdministrative law. | |
| 999 |
_c69251 _d69251 |
||